Công tác giáo viên chủ nhiệm ở trường phổ thông /

保存先:
書誌詳細
第一著者: Hà Nhật Thăng
その他の著者: Nguyễn Dục Quang, Nguyễn Thị Kỷ
フォーマット: Sách giấy
言語:Vietnamese
出版事項: Hà Nội : Giáo dục , 2000
タグ: タグ追加
タグなし, このレコードへの初めてのタグを付けませんか!
Thư viện lưu trữ: Thư viện Trường Đại học Đà Lạt
LEADER 00706nam a2200265 4500
001 DLU020018148
005 ##6/14/2001
020 # # |a 978- 
041 # # |a vie 
082 # # |a 371.102 4  |b HA-T 
100 # # |a Hà Nhật Thăng 
245 # # |a Công tác giáo viên chủ nhiệm ở trường phổ thông /  |c Hà Nhật Thăng, Nguyễn Dục Quang, Nguyễn Thị Kỷ 
260 # # |a Hà Nội :  |b Giáo dục ,  |c 2000 
300 # # |a 72 tr.;   |c 21 cm. 
700 # # |a Nguyễn Dục Quang 
700 # # |a Nguyễn Thị Kỷ 
992 # # |a 4000 
994 # # |a DLU 
900 # # |a False 
911 # # |a Administrator 
925 # # |a G 
926 # # |a A 
927 # # |a SH 
980 # # |a Thư viện Trường Đại học Đà Lạt